Karibik / Kleine Antillen Karten Quiz - Statistiken

Allgemein
  • Dieses Quiz wurde 2.561 mal gespielt
  • Das Durchschnittsergebnis liegt bei 8 aus 19
Antworten auf der Karte
Die Antworten werden auf der Karte rot bzw. grün angezeigt, abhängig davon wie oft sie richtig erraten wurden.
 
Antwortstatistiken
Antwort % Korrekt
Trinidad und Tobago
85%
Barbados
68%
St. Vincent und die Grenadinen
57%
Dominica
54%
Grenada
54%
Antigua und Barbuda
52%
St. Lucia
52%
Aruba (Netherlands)
49%
Bonaire (Netherlands)
48%
St. Kitts und Nevis
48%
Curaçao (Netherlands)
47%
British Virgin Islands
40%
U.S. Virgin Islands
40%
Guadeloupe (France)
37%
Martinique (France)
29%
Montserrat (UK)
27%
Saint Martin (France | Niederlande
25%
Anguilla (UK)
21%
Saint Barthélemy (France)
16%
Keine übereinstimmenden Quizze gefunden
Verteilung der Resultate
Anzahl Personen mit jedem Resultat
Perzentil nach korrekt beantworteten Fragen
Ihre Resultats-Entwicklung
Sie haben dieses Quiz noch nicht gespielt